| 000 | 01275cam a22003377a 4500 | ||
|---|---|---|---|
| 003 | CHAP | ||
| 005 | 20240122105737.0 | ||
| 008 | 980825d1995 mx b r 00110 spa d | ||
| 010 | _a74762 | ||
| 011 | _a75734 | ||
| 035 | _a85303 | ||
| 040 | _cCHAP | ||
| 100 | 1 | 0 |
_aFlores Verduzco, Samuel _941785 |
| 245 | 1 | 3 |
_aEl mercado regional y la comercialización de básicos en la unión de comunidades indígenas en la zona norte del Istmo de Tehuantepec Ucizoni _c/por Samuel Flores Verduzco |
| 260 |
_aChapingo, Méx. : _bEl autor, _c1995. |
||
| 300 |
_a238 h. : _bgráfs. ; mapa |
||
| 500 | _aTesis (M.C. en Desarrollo Rural Regional) -- UACH. Dirección de Centros REgionales Universitarios | ||
| 590 |
_aBATCH-UPD _b10 _c20130110 _lUCH01 _h1520 |
||
| 590 |
_aBATCH-UPD _b10 _c20130410 _lUCH01 _h0932 |
||
| 590 |
_aBATCH-UPD _b10 _c20130914 _lUCH01 _h0829 |
||
| 590 |
_aCONVERSION _b10 _c20130109 _lUCH01 _h1341 |
||
| 650 | 1 | 4 |
_aCampesinado _zOaxaca. _918056 |
| 650 | 1 | 4 |
_aEmpresas campesinas. _936652 |
| 650 | 1 | 4 |
_aMaíz _xMercadeo _xOaxaca. _971013 |
| 650 | 1 | 4 |
_aMaíz _xPrecios. _971039 |
| 901 | _aBK | ||
| 905 | _aGuadalupe Pinto Carrillo | ||
| 942 | _cFOLL | ||
| 949 |
_bBC _cTES _d33724000588992 _eTS2 _fc.2 _h32718 _i85303 _sb |
||
| 949 |
_bBC _cTES _d853031 _eTS1 _h32717 _i85303 _sb |
||
| 999 |
_c74762 _d74762 |
||